| 000 | 00354nam a22001457a 4500 | ||
|---|---|---|---|
| 082 |
_a823 _bVAS/T |
||
| 100 | _aVASAN'S | ||
| 245 |
_aTALES OF GANPATTI _bRELIGIOUS STORY |
||
| 246 |
_aTALES OF GANAPATO _bRELIGIOUS STORY |
||
| 260 |
_aBANGALORE _bVASAN PUBLIATIONS |
||
| 300 | _a24 | ||
| 520 | _aRELIGIONS STORY | ||
| 650 | _aRELIGIONS STORY | ||
| 942 | _cBK | ||
| 999 |
_c2289 _d2289 |
||